Diseño web con Flash.
Сохранить в:
| Главный автор: | |
|---|---|
| Формат: | |
| Опубликовано: |
Banfield, Lomas de Zamora, Argentina:
Gradi,
2007.
|
| Редактирование: | 1a. ed. |
| Серии: | Manuales USERS.
|
| Предметы: | |
| Метки: |
Добавить метку
Нет меток, Требуется 1-ая метка записи!
|
MARC
| LEADER | 00000nam a22000007a 4500 | ||
|---|---|---|---|
| 003 | CL-VaPUC | ||
| 005 | 20250407202500.0 | ||
| 008 | 250321t2007 ||||| |||| 00| 0 eng d | ||
| 999 | |c 447599 |d 447597 | ||
| 020 | |a 978-987-1347-34-6 | ||
| 040 | |c Pontificia Universidad Católica de Valparaíso | ||
| 082 | |a 006.7 RAM 2007 | ||
| 100 | |9 897393 |a Ramondino, Maximiliano |e autor | ||
| 245 | |a Diseño web con Flash. | ||
| 250 | |a 1a. ed. | ||
| 260 | |a Banfield, Lomas de Zamora, Argentina: |b Gradi, |c 2007. | ||
| 300 | |a 384 páginas: |b ilustraciones. | ||
| 490 | |a Manuales USERS. | ||
| 500 | |a c.1-c.2.Instituto Arcos.08-01-2025. | ||
| 583 | |c 20250321 |k Gabriela Rodríguez Cuevas | ||
| 650 | 0 | |9 436463 |a Páginas web |x Diseño | |
| 650 | 0 | |9 299932 |a Diseño asistido por computador | |
| 942 | |2 ddc |c BK |n 0 | ||
| 952 | |0 0 |1 0 |2 ddc |4 0 |6 006_700000000000000_RAM_2007 |7 0 |8 A |9 601788 |a BIBINC |b BIBINC |d 2025-03-21 |e Instituto Arcos |i 5666569 |o 006.7 RAM 2007 |p 5666569 |r 2025-03-21 |t 1 |w 2025-03-21 |y BK |k IFP | ||
| 952 | |0 0 |1 0 |2 ddc |4 0 |6 006_700000000000000_RAM_2007 |7 0 |8 A |9 601789 |a BIBINC |b BIBINC |d 2025-03-21 |e Instituto Arcos |i 5666570 |o 006.7 RAM 2007 |p 5666570 |r 2025-03-21 |t 2 |w 2025-03-21 |y BK |k IFP | ||